000 00475nam a2200193Ia 4500
005 20250423095159.0
008 250422s9999 xx 000 0 und d
020 _a9789382609728
050 _aTP 690 .G87/
100 _aGupta, OM Prakash
245 0 _aElements of Petroleum Refinery Engineering
250 _a2nd ed.
260 _aNew Delhi
260 _bKhanna Book Publishing
260 _c2021
300 _a68 p
650 _aPetroleum--Refining
942 _cBK
999 _c29490
_d29490